000 00649nam a2200229Ia 4500
005 20241129120150.0
008 241129s9999||||xx |||||||||||||| ||und||
020 _a9781035323708
037 _aTB
040 _aSDCL
_beng
_cSDCL
041 _aeng
_2eng
084 _aX:71, R3
_qSDCL
100 _aMaier Mark Ed.; Ruder Phil Ed.
_9729313
245 0 _aTeaching principles of microeconomics
260 _aCheltenham
_bEdward Elgar
_c2023
300 _axiii,278p.
365 _aGBP
_b31.95
490 _aElgar guides to teaching
650 _aBusiness Economics and Finance
942 _cTB
_hX:71, R3
999 _c1233624
_d1233624